000 00304nam a22001337a 4500
003 SGT
082 _a370
_bS14B
100 _aBRAR, MS. GURSANGEET
245 _aSCHOOL MANAGEMENT AND PLANNING
260 _aNEW DELHI
_bKHEL SAHITYA KENDRA
_c2014
300 _a271
650 _aEDUCATION
942 _2ddc
_cBK
999 _c12308
_d12308